Monografias em ciência da computação / (Record no. 1820)

MARC details
000 -LEADER
fixed length control field 03614cas a2200745 a 4500
001 - CONTROL NUMBER
control field data
005 - DATE AND TIME OF LATEST TRANSACTION
control field 20260322212119.0
008 - FIXED-LENGTH DATA ELEMENTS--GENERAL INFORMATION
fixed length control field data
010 ## - LIBRARY OF CONGRESS CONTROL NUMBER
LC control number 92648652
022 ## - INTERNATIONAL STANDARD SERIAL NUMBER
International Standard Serial Number 0103-9741
023 0# - CLUSTER ISSN
Cluster ISSN 0103-9741
029 1# - OTHER SYSTEM CONTROL NUMBER (OCLC)
OCLC library identifier AU@
System control number 000025653863
035 ## - SYSTEM CONTROL NUMBER
System control number (OCoLC)26206016
040 ## - CATALOGING SOURCE
Original cataloging agency DLC
Language of cataloging eng
Transcribing agency DLC
Modifying agency OCLCQ
-- DLC
-- OCLCQ
-- OCLCO
-- OCLCQ
-- OCLCF
-- OCLCA
-- OCLCQ
-- OCLCL
-- OCLCQ
041 0# - LANGUAGE CODE
Language code of text/sound track or separate title eng
-- eng
042 ## - AUTHENTICATION CODE
Authentication code pcc
050 00 - LIBRARY OF CONGRESS CALL NUMBER
Classification number QA76.75
Item number .S47
082 00 - DEWEY DECIMAL CLASSIFICATION NUMBER
Classification number 004/.05
Edition information 20
245 00 - TITLE STATEMENT
Title Monografias em ciência da computação /
Statement of responsibility, etc. PUC.
260 ## - PUBLICATION, DISTRIBUTION, ETC.
Place of publication, distribution, etc. Rio de Janeiro, Brasil :
Name of publisher, distributor, etc. Pontifícia Universidade Católica do Rio de Janeiro
300 ## - PHYSICAL DESCRIPTION
Extent volumes ;
Dimensions 30 cm
310 ## - CURRENT PUBLICATION FREQUENCY
Current publication frequency Irregular
336 ## - CONTENT TYPE
Content type term text
Content type code txt
Source rdacontent
337 ## - MEDIA TYPE
Media type term unmediated
Media type code n
Source rdamedia
338 ## - CARRIER TYPE
Carrier type term volume
Carrier type code nc
Source rdacarrier
546 ## - LANGUAGE NOTE
Language note Chiefly in Portuguese; some articles in English.
588 ## - SOURCE OF DESCRIPTION NOTE
Source of description note Description based on: No. 88/14.
588 ## - SOURCE OF DESCRIPTION NOTE
Source of description note Latest issue consulted: 92/19.
590 ## - LOCAL NOTE (RLIN)
Local note SERBIB/SERLOC merged record
650 #0 - SUBJECT ADDED ENTRY--TOPICAL TERM
Topical term or geographic name entry element Computer science.
650 #7 - SUBJECT ADDED ENTRY--TOPICAL TERM
Topical term or geographic name entry element Computer science.
Source of heading or term fast
Authority record control number or standard number (OCoLC)fst00872451
710 2# - ADDED ENTRY--CORPORATE NAME
Corporate name or jurisdiction name as entry element Pontifícia Universidade Católica do Rio de Janeiro.
Real World Object URI https://id.oclc.org/worldcat/entity/E39QH7JmrPqgRk4bbyjrGvWgCF
890 ## -
-- Monografias em ciência da computação.
-- 92-648652
906 ## - LOCAL DATA ELEMENT F, LDF (RLIN)
a 7
b cbc
c serials
d 2
e ncip
f 19
g n-oclcserc
920 ## -
-- Keep 1
991 ## -
-- c-GenColl
-- QA76.75
-- .S47
-- SERIALS
991 ## -
-- c-GenColl
-- QA76.75
-- .S47
-- 00031764063
-- Copy 1
-- * 1985 : Dec.
-- CCF
991 ## -
-- c-GenColl
-- QA76.75
-- .S47
-- 00016222276
-- Copy 1
-- 1-11 * 1994
-- CCF
991 ## -
-- c-GenColl
-- QA76.75
-- .S47
-- 00034877750
-- Copy 1
-- 1-12 * 1993
-- CCF
991 ## -
-- c-GenColl
-- QA76.75
-- .S47
-- 00016222185
-- Copy 1
-- 1-19 * 1995
-- CCF
991 ## -
-- c-GenColl
-- QA76.75
-- .S47
-- 00057690355
-- Copy 1
-- 1-4 * 1996
-- CCF
991 ## -
-- c-GenColl
-- QA76.75
-- .S47
-- 00034877725
-- Copy 1
-- 12 * 1990
-- CCF
991 ## -
-- c-GenColl
-- QA76.75
-- .S47
-- 00034877993
-- Copy 1
-- 12-16 * 1991
-- CCF
991 ## -
-- c-GenColl
-- QA76.75
-- .S47
-- 00034877713
-- Copy 1
-- 14-18 * 1993
-- CCF
991 ## -
-- c-GenColl
-- QA76.75
-- .S47
-- 00034877877
-- Copy 1
-- 14-19 * 1992
-- CCF
991 ## -
-- c-GenColl
-- QA76.75
-- .S47
-- 00016222549
-- Copy 1
-- 17-21 * 1994
-- CCF
991 ## -
-- c-GenColl
-- QA76.75
-- .S47
-- 00034877762
-- Copy 1
-- 17-30 * 1989
-- CCF
991 ## -
-- c-GenColl
-- QA76.75
-- .S47
-- 00034878079
-- Copy 1
-- 19-23 * 1990
-- CCF
991 ## -
-- c-GenColl
-- QA76.75
-- .S47
-- 00034878031
-- Copy 1
-- 2-10 * 1991
-- CCF
991 ## -
-- c-GenColl
-- QA76.75
-- .S47
-- 00034878067
-- Copy 1
-- 20-24 * 1993
-- CCF
991 ## -
-- c-GenColl
-- QA76.75
-- .S47
-- 0003487783A
-- Copy 1
-- 21 * 1992
-- CCF
991 ## -
-- c-GenColl
-- QA76.75
-- .S47
-- 00034877956
-- Copy 1
-- 21-29 * 1991
-- CCF
991 ## -
-- c-GenColl
-- QA76.75
-- .S47
-- 0003487802A
-- Copy 1
-- 25-28 * 1993
-- CCF
991 ## -
-- c-GenColl
-- QA76.75
-- .S47
-- 00016222550
-- Copy 1
-- 28-30 * 1994
-- CCF
991 ## -
-- c-GenColl
-- QA76.75
-- .S47
-- 00034877798
-- Copy 1
-- 29-41 Incomplete * 1992
-- CCF
991 ## -
-- c-GenColl
-- QA76.75
-- .S47
-- 00034877919
-- Copy 1
-- 3-12 Incomplete * 1992
-- CCF
991 ## -
-- c-GenColl
-- QA76.75
-- .S47
-- 00034877804
-- Copy 1
-- 3-16 Incomplete * 1989
-- CCF
991 ## -
-- c-GenColl
-- QA76.75
-- .S47
-- 00034877981
-- Copy 1
-- 30-34 * 1993
-- CCF
991 ## -
-- c-GenColl
-- QA76.75
-- .S47
-- 00016222252
-- Copy 1
-- 33-39 * 1994
-- CCF
991 ## -
-- c-GenColl
-- QA76.75
-- .S47
-- 00016220516
-- Copy 1
-- 40-42 * 1994
-- CCF
991 ## -
-- c-GenColl
-- QA76.75
-- .S47
-- 00034877889
-- Copy 1
-- 6 * 1985
-- CCF
991 ## -
-- c-GenColl
-- QA76.75
-- .S47
-- 00034877841
-- Copy 1
-- 7-21 Incomplete * 1985 -88
-- CCF
992 ## -
-- SER
-- SERLOC
Holdings
Withdrawn status Lost status Damaged status Not for loan Home library Current library Shelving location Date acquired Total checkouts Full call number Barcode Date last seen Price effective from Koha item type
        Franklin Franklin General stacks 22/03/2026   004/.05 LOC-FRL-00056 22/03/2026 22/03/2026 Books